Papas de la Iglesia Católica - Estadísticas

Estadísticas generales
  • Esta prueba ha sido intentada 122 veces
  • La puntuación promedio es 26 de 267
Estadísticas de respuestas
Número Papa % Correcto
267 León XIV
97%
266 Francisco
91%
265 Benedicto XVI
78%
264 Juan Pablo II
78%
263 Juan Pablo I
75%
261 Juan XXIII
69%
262 Pablo VI
66%
260 Pío XII
63%
259 Pío XI
59%
256 León XIII
53%
1 Pedro
53%
258 Benedicto XV
50%
257 Pío X
47%
255 Pío IX
44%
252 León XII
31%
2 Lino
31%
3 Anacleto
28%
254 Gregorio XVI
28%
251 Pío VII
28%
253 Pío VIII
28%
250 Pío VI
25%
241 Alejandro VIII
22%
243 Clemente XI
22%
246 Clemente XII
22%
248 Clemente XIII
22%
249 Clemente XIV
22%
244 Inocencio XIII
22%
245 Benedicto XIII
19%
247 Benedicto XIV
19%
239 Clemente X
19%
240 Inocencio XI
19%
242 Inocencio XII
19%
232 León XI
19%
224 Pío IV
19%
225 Pío V
19%
237 Alejandro VII
16%
238 Clemente IX
16%
231 Clemente VIII
16%
226 Gregorio XIII
16%
229 Gregorio XIV
16%
234 Gregorio XV
16%
230 Inocencio IX
16%
236 Inocencio X
16%
217 León X
16%
223 Pablo IV
16%
233 Pablo V
16%
210 Pío II
16%
215 Pío III
16%
227 Sixto V
16%
228 Urbano VII
16%
235 Urbano VIII
16%
218 Adriano VI
13%
214 Alejandro VI
13%
4 Clemente I
13%
219 Clemente VII
13%
5 Evaristo
13%
213 Inocencio VIII
13%
216 Julio II
13%
221 Julio III
13%
222 Marcelo II
13%
211 Pablo II
13%
220 Pablo III
13%
212 Sixto IV
13%
8 Telesforo
13%
209 Calixto III
9%
207 Eugenio IV
9%
206 Martín V
9%
208 Nicolás V
9%
65 Sabiniano
9%
57 Agapito I
6%
129 Agapito II
6%
6 Alejandro I
6%
19 Antero
6%
194 Benedicto XI
6%
197 Benedicto XII
6%
66 Bonifacio III
6%
203 Bonifacio IX
6%
15 Ceferino
6%
192 Celestino V
6%
195 Clemente V
6%
198 Clemente VI
6%
21 Cornelio
6%
13 Eleuterio
6%
20 Fabián
6%
26 Félix I
6%
201 Gregorio XI
6%
205 Gregorio XII
6%
199 Inocencio VI
6%
204 Inocencio VII
6%
196 Juan XXII
6%
128 Marino II
6%
60 Pelagio I
6%
63 Pelagio II
6%
7 Sixto I
6%
12 Sotero
6%
200 Urbano V
6%
202 Urbano VI
6%
68 Adeodato I
3%
77 Adeodato II
3%
95 Adriano I
3%
106 Adriano II
3%
109 Adriano III
3%
169 Adriano IV
3%
186 Adriano V
3%
79 Agatón
3%
156 Alejandro II
3%
170 Alejandro III
3%
181 Alejandro IV
3%
39 Anastasio I
3%
50 Anastasio II
3%
120 Anastasio III
3%
168 Anastasio IV
3%
11 Aniceto
3%
62 Benedicto I
3%
104 Benedicto III
3%
117 Benedicto IV
3%
150 Benedicto IX
3%
147 Benedicto IX
3%
145 Benedicto IX
3%
131 Benedicto V
3%
134 Benedicto VI
3%
135 Benedicto VII
3%
143 Benedicto VIII
3%
42 Bonifacio I
3%
55 Bonifacio II
3%
67 Bonifacio IV
3%
69 Bonifacio V
3%
112 Bonifacio VI
3%
193 Bonifacio VIII
3%
16 Calixto I
3%
162 Calixto II
3%
28 Cayo
3%
43 Celestino I
3%
165 Celestino II
3%
175 Celestino III
3%
179 Celestino IV
3%
149 Clemente II
3%
174 Clemente III
3%
183 Clemente IV
3%
83 Conón
3%
88 Constantino
3%
37 Dámaso I
3%
151 Dámaso II
3%
25 Dionisio
3%
81 Benedicto II
3%
78 Dono
3%
23 Esteban I
3%
92 Esteban II
3%
94 Esteban III
3%
97 Esteban IV
3%
154 Esteban IX
3%
110 Esteban V
3%
113 Esteban VI
3%
124 Esteban VII
3%
127 Esteban VIII
3%
75 Eugenio I
3%
99 Eugenio II
3%
167 Eugenio III
3%
31 Eusebio
3%
27 Eutiquiano
3%
48 Félix III
3%
54 Félix IV
3%
111 Formoso
3%
49 Gelasio I
3%
161 Gelasio II
3%
64 Gregorio I
3%
89 Gregorio II
3%
90 Gregorio III
3%
101 Gregorio IV
3%
178 Gregorio IX
3%
138 Gregorio V
3%
148 Gregorio VI
3%
157 Gregorio VII
3%
173 Gregorio VIII
3%
184 Gregorio X
3%
9 Higinio
3%
46 Hilario
3%
70 Honorio I
3%
163 Honorio II
3%
177 Honorio III
3%
190 Honorio IV
3%
52 Hormisdas
3%
40 Inocencio I
3%
164 Inocencio II
3%
176 Inocencio III
3%
180 Inocencio IV
3%
185 Inocencio V
3%
53 Juan I
3%
56 Juan II
3%
61 Juan III
3%
72 Juan IV
3%
116 Juan IX
3%
82 Juan V
3%
85 Juan VI
3%
86 Juan VII
3%
107 Juan VIII
3%
122 Juan X
3%
125 Juan XI
3%
130 Juan XII
3%
133 Juan XIII
3%
136 Juan XIV
3%
144 Juan XIX
3%
137 Juan XV
3%
140 Juan XVII
3%
141 Juan XVIII
3%
187 Juan XXI
3%
35 Julio I
3%
121 Landón
3%
45 León I
3%
80 León II
3%
96 León III
3%
103 León IV
3%
152 León IX
3%
118 León V
3%
123 León VI
3%
126 León VII
3%
132 León VIII
3%
36 Liberio
3%
22 Lucio I
3%
166 Lucio II
3%
171 Lucio III
3%
29 Marcelino
3%
30 Marcelo I
3%
34 Marcos
3%
108 Marino I
3%
74 Martín I
3%
189 Martín IV
3%
32 Melquíades
3%
105 Nicolás I
3%
155 Nicolás II
3%
188 Nicolás III
3%
191 Nicolás IV
3%
93 Pablo I
3%
98 Pascual I
3%
160 Pascual II
3%
10 Pío I
3%
18 Ponciano
3%
114 Romano
3%
84 Sergio I
3%
102 Sergio II
3%
119 Sergio III
3%
142 Sergio IV
3%
71 Severino
3%
58 Silverio
3%
33 Silvestre I
3%
139 Silvestre II
3%
146 Silvestre III
3%
51 Símaco
3%
47 Simplicio
3%
38 Siricio
3%
87 Sisinio
3%
24 Sixto II
3%
44 Sixto III
3%
73 Teodoro I
3%
115 Teodoro II
3%
17 Urbano I
3%
159 Urbano II
3%
172 Urbano III
3%
182 Urbano IV
3%
100 Valentín
3%
14 Víctor I
3%
153 Víctor II
3%
158 Víctor III
3%
59 Vigilio
3%
76 Vitaliano
3%
91 Zacarías
3%
41 Zósimo
3%
No se encontraron pruebas coincidentes
Distribución de puntuación
Porcentaje de gente con cada puntuación
Porcentaje por número respondido
Historial de tus puntuaciones
No has intentado esta prueba.